|
|
|
|
| LEADER |
00000nab#a22000007a#4500 |
| 001 |
arbauad031917 |
| 003 |
AR-BaUAD |
| 005 |
20250711112559.0 |
| 008 |
980708|||||||||###||||||b###|0###a|spa|| |
| 040 |
|
|
|a AR-BaUAD
|c AR-BaUAD
|b spa
|
| 100 |
|
|
|a Bosman, Jos
|
| 245 |
|
|
|a Nueva arquitectura neofuncional /
|c Jos Bosman;
|
| 300 |
0 |
|
|b axonom., cortes, fot., plantas, vistas
|
| 653 |
|
|
|a CRITICA DE LA ARQUITECTURA
|
| 653 |
|
|
|a FUNCIONALISMO
|
| 773 |
0 |
|
|t QUADERNS
|g no. 202 [ene.-feb. 1994], p. 30-37
|
| 942 |
|
|
|c ARTI
|
| 952 |
|
|
|0 0
|1 0
|4 0
|7 0
|9 76836
|a AR-BAuAD
|b AR-BAuAD
|d 2025-07-11
|l 0
|p AAQA031917
|r 2025-07-11 11:25:59
|w 2025-07-11
|y ARTI
|
| 990 |
|
|
|a AQ199
|b TD
|
| 998 |
|
|
|a AAQ
|b BIBUN76
|
| 999 |
|
|
|c 56509
|d 56509
|